[Event "DEM U10w 2025"]
[Site "Willingen GER"]
[Date "2025.06.09"]
[Round "3"]
[White "Xu, Dorothea Sicheng"]
[Black "Bashirova, Sona"]
[Result "0-1"]
[Termination "normal"]
[Board "1"]
[WhiteElo "1484"]
[BlackElo "1639"]
[WhiteClock "00:03:52"]
[BlackClock "00:04:35"]
[PlyCount "132"]
[WhiteFideId "34667539"]
[BlackFideId "34664033"]
[EventCountry "GER"]
[EventRounds "9"]
[EventType "swiss"]
[EventDate "2025.06.07"]

1. e4 {[%clk 01:30:59]} {[%emt 00:00:01]} c5 {[%clk 01:30:53]} {[%emt
00:00:07]} 2. Nc3 {[%clk 01:31:24]} {[%emt 00:00:05]} d6 {[%clk 01:31:17]}
{[%emt 00:00:07]} 3. d4 {[%clk 01:31:48]} {[%emt 00:00:05]} cxd4 {[%clk
01:31:24]} {[%emt 00:00:23]} 4. Qxd4 {[%clk 01:32:11]} {[%emt 00:00:06]} Nc6
{[%clk 01:31:08]} {[%emt 00:00:47]} 5. Qd2 {[%clk 01:32:36]} {[%emt 00:00:05]}
g6 {[%clk 01:30:48]} {[%emt 00:00:50]} 6. b3 {[%clk 01:32:58]} {[%emt
00:00:08]} Bg7 {[%clk 01:31:12]} {[%emt 00:00:07]} 7. Bb2 {[%clk 01:33:18]}
{[%emt 00:00:10]} Nf6 {[%clk 01:31:15]} {[%emt 00:00:27]} 8. O-O-O {[%clk
01:33:31]} {[%emt 00:00:16]} Bd7 {[%clk 01:30:17]} {[%emt 00:01:27]} 9. f3
{[%clk 01:33:12]} {[%emt 00:00:49]} h5 {[%clk 01:17:20]} {[%emt 00:13:28]} 10.
Kb1 {[%clk 01:28:56]} {[%emt 00:04:46]} Kf8 {[%clk 01:01:17]} {[%emt 00:16:32]}
11. Nge2 {[%clk 01:21:33]} {[%emt 00:07:53]} Rc8 {[%clk 00:58:10]} {[%emt
00:03:37]} 12. Nd5 {[%clk 01:16:01]} {[%emt 00:06:03]} Nxd5 {[%clk 00:46:34]}
{[%emt 00:12:07]} 13. exd5 {[%clk 01:10:44]} {[%emt 00:05:47]} Ne5 {[%clk
00:45:37]} {[%emt 00:01:27]} 14. h3 {[%clk 01:03:37]} {[%emt 00:07:35]} Bb5
{[%clk 00:32:37]} {[%emt 00:13:27]} 15. f4 {[%clk 00:57:20]} {[%emt 00:06:51]}
Nd7 {[%clk 00:28:07]} {[%emt 00:05:00]} 16. Bxg7+ {[%clk 00:55:34]} {[%emt
00:02:15]} Kxg7 {[%clk 00:27:28]} {[%emt 00:01:09]} 17. Qd4+ {[%clk 00:53:32]}
{[%emt 00:02:33]} Nf6 {[%clk 00:26:25]} {[%emt 00:01:33]} 18. Qxa7 {[%clk
00:49:31]} {[%emt 00:04:31]} Ra8 {[%clk 00:17:25]} {[%emt 00:09:29]} 19. Qd4
{[%clk 00:45:54]} {[%emt 00:04:07]} Qa5 {[%clk 00:12:32]} {[%emt 00:05:25]} 20.
Qb2 {[%clk 00:41:30]} {[%emt 00:04:53]} Ra6 {[%clk 00:09:18]} {[%emt 00:03:44]}
21. Nc3 {[%clk 00:38:55]} {[%emt 00:03:05]} Bxf1 {[%clk 00:08:19]} {[%emt
00:01:29]} 22. Rhxf1 {[%clk 00:38:04]} {[%emt 00:01:21]} Rc8 {[%clk 00:07:26]}
{[%emt 00:01:23]} 23. Rf3 {[%clk 00:36:11]} {[%emt 00:02:23]} Raa8 {[%clk
00:06:33]} {[%emt 00:01:24]} 24. Rdd3 {[%clk 00:26:45]} {[%emt 00:09:55]} Rc7
{[%clk 00:05:59]} {[%emt 00:01:04]} 25. Rde3 {[%clk 00:25:13]} {[%emt
00:02:02]} Rac8 {[%clk 00:05:41]} {[%emt 00:00:48]} 26. Rd3 {[%clk 00:22:07]}
{[%emt 00:03:36]} b5 {[%clk 00:05:05]} {[%emt 00:01:07]} 27. Rfe3 {[%clk
00:20:55]} {[%emt 00:01:41]} b4 {[%clk 00:04:06]} {[%emt 00:01:29]} 28. Ne4
{[%clk 00:19:26]} {[%emt 00:01:59]} Rxc2 {[%clk 00:04:05]} {[%emt 00:00:32]}
29. Qxc2 {[%clk 00:18:08]} {[%emt 00:01:47]} Rxc2 {[%clk 00:04:30]} {[%emt
00:00:05]} 30. Kxc2 {[%clk 00:18:25]} {[%emt 00:00:13]} Qxa2+ {[%clk 00:04:57]}
{[%emt 00:00:04]} 31. Kc1 {[%clk 00:15:41]} {[%emt 00:03:13]} Qa1+ {[%clk
00:04:37]} {[%emt 00:00:50]} 32. Kc2 {[%clk 00:15:20]} {[%emt 00:00:51]} Nxe4
{[%clk 00:04:23]} {[%emt 00:00:44]} 33. Rxe4 {[%clk 00:15:03]} {[%emt
00:00:47]} Qa2+ {[%clk 00:04:43]} {[%emt 00:00:10]} 34. Kc1 {[%clk 00:13:00]}
{[%emt 00:02:33]} Qxg2 {[%clk 00:04:39]} {[%emt 00:00:34]} 35. Rxb4 {[%clk
00:11:50]} {[%emt 00:01:40]} Qf1+ {[%clk 00:03:28]} {[%emt 00:01:41]} 36. Kb2
{[%clk 00:11:11]} {[%emt 00:01:09]} Qxd3 {[%clk 00:03:39]} {[%emt 00:00:19]}
37. Rb8 {[%clk 00:11:10]} {[%emt 00:00:31]} Qxd5 {[%clk 00:03:18]} {[%emt
00:00:50]} 38. b4 {[%clk 00:11:26]} {[%emt 00:00:15]} Qd4+ {[%clk 00:03:34]}
{[%emt 00:00:14]} 39. Kb3 {[%clk 00:11:30]} {[%emt 00:00:26]} Kf6 {[%clk
00:02:53]} {[%emt 00:01:10]} 40. b5 {[%clk 00:11:29]} {[%emt 00:00:31]} Ke6
{[%clk 00:03:10]} {[%emt 00:00:13]} 41. b6 {[%clk 00:11:31]} {[%emt 00:00:28]}
Qd5+ {[%clk 00:02:53]} {[%emt 00:00:47]} 42. Kb4 {[%clk 00:11:10]} {[%emt
00:00:51]} Kd7 {[%clk 00:03:13]} {[%emt 00:00:11]} 43. h4 {[%clk 00:01:53]}
{[%emt 00:09:46]} Kc6 {[%clk 00:02:26]} {[%emt 00:01:18]} 44. Kc3 {[%clk
00:01:26]} {[%emt 00:00:56]} Qf3+ {[%clk 00:02:26]} {[%emt 00:00:30]} 45. Kb4
{[%clk 00:01:24]} {[%emt 00:00:32]} Qxf4+ {[%clk 00:02:38]} {[%emt 00:00:18]}
46. Ka5 {[%clk 00:01:14]} {[%emt 00:00:41]} Qe5+ {[%clk 00:01:53]} {[%emt
00:01:14]} 47. Kb4 {[%clk 00:00:59]} {[%emt 00:00:46]} Qb5+ {[%clk 00:02:03]}
{[%emt 00:00:20]} 48. Kc3 {[%clk 00:01:07]} {[%emt 00:00:22]} Qxb6 {[%clk
00:02:19]} {[%emt 00:00:14]} 49. Rc8+ {[%clk 00:01:06]} {[%emt 00:00:31]} Qc7
{[%clk 00:02:33]} {[%emt 00:00:16]} 50. Ra8 {[%clk 00:00:53]} {[%emt 00:00:42]}
e5 {[%clk 00:02:10]} {[%emt 00:00:53]} 51. Ra4 {[%clk 00:00:41]} {[%emt
00:00:41]} Kb5+ {[%clk 00:02:18]} {[%emt 00:00:24]} 52. Kb3 {[%clk 00:00:54]}
{[%emt 00:00:16]} Qc2+ {[%clk 00:02:26]} {[%emt 00:00:22]} 53. Kxc2 {[%clk
00:01:01]} {[%emt 00:00:24]} Kxa4 {[%clk 00:02:51]} {[%emt 00:00:05]} 54. Kd3
{[%emt 00:00:14]} d5 {[%clk 00:03:11]} {[%emt 00:00:05]} 55. Ke3 {[%clk
00:01:41]} {[%emt 00:00:12]} Kb3 {[%clk 00:03:12]} {[%emt 00:00:29]} 56. Kd3
{[%clk 00:01:50]} {[%emt 00:00:20]} f5 {[%clk 00:03:26]} {[%emt 00:00:17]} 57.
Ke3 {[%clk 00:01:57]} {[%emt 00:00:21]} Kc3 {[%clk 00:03:50]} {[%emt 00:00:07]}
58. Kf3 {[%clk 00:02:17]} {[%emt 00:00:10]} d4 {[%clk 00:02:45]} {[%emt
00:01:36]} 59. Kg3 {[%clk 00:02:17]} {[%emt 00:00:28]} d3 {[%clk 00:02:27]}
{[%emt 00:00:50]} 60. Kf2 {[%clk 00:02:37]} {[%emt 00:00:09]} d2 {[%clk
00:02:51]} {[%emt 00:00:05]} 61. Kg3 {[%clk 00:02:50]} {[%emt 00:00:16]} d1=Q
{[%clk 00:03:12]} {[%emt 00:00:11]} 62. Kg2 {[%clk 00:02:48]} {[%emt 00:00:30]}
Qg4+ {[%clk 00:03:22]} {[%emt 00:00:21]} 63. Kh2 {[%clk 00:02:45]} {[%emt
00:00:33]} Kd3 {[%clk 00:03:46]} {[%emt 00:00:07]} 64. Kh1 {[%clk 00:03:08]}
{[%emt 00:00:07]} Ke2 {[%clk 00:04:14]} {[%emt 00:00:02]} 65. Kh2 {[%clk
00:03:29]} {[%emt 00:00:08]} Kf2 {[%clk 00:04:39]} {[%emt 00:00:05]} 66. Kh1
{[%clk 00:03:52]} {[%emt 00:00:07]} Qg2+ {[%clk 00:04:35]} {[%emt 00:00:05]}
0-1

[Event "DEM U10w 2025"]
[Site "Willingen GER"]
[Date "2025.06.09"]
[Round "3"]
[White "Sigacheva, Varvara"]
[Black "Giss, Annika"]
[Result "1/2-1/2"]
[Termination "normal"]
[Board "2"]
[WhiteElo "1453"]
[BlackElo "1520"]
[WhiteClock "00:00:42"]
[BlackClock "00:15:10"]
[PlyCount "114"]
[WhiteFideId "522079416"]
[BlackFideId "34673148"]
[EventCountry "GER"]
[EventRounds "9"]
[EventType "swiss"]
[EventDate "2025.06.07"]

1. d4 {[%clk 01:30:59]} Nf6 {[%clk 01:30:54]} {[%emt 00:00:06]} 2. Bf4 {[%clk
01:31:19]} {[%emt 00:00:10]} g6 {[%clk 01:31:16]} {[%emt 00:00:08]} 3. e3
{[%clk 01:31:37]} {[%emt 00:00:12]} Bg7 {[%clk 01:31:40]} {[%emt 00:00:06]} 4.
Nf3 {[%clk 01:31:26]} {[%emt 00:00:41]} d6 {[%clk 01:31:58]} {[%emt 00:00:12]}
5. Be2 {[%clk 01:30:44]} {[%emt 00:01:11]} O-O {[%clk 01:32:19]} {[%emt
00:00:10]} 6. h3 {[%clk 01:30:22]} {[%emt 00:00:52]} Nc6 {[%clk 01:32:39]}
{[%emt 00:00:10]} 7. O-O {[%clk 01:29:15]} {[%emt 00:01:38]} Nd7 {[%clk
01:32:53]} {[%emt 00:00:16]} 8. c3 {[%clk 01:27:33]} {[%emt 00:02:12]} e5
{[%clk 01:32:59]} {[%emt 00:00:23]} 9. Bh2 {[%clk 01:27:07]} {[%emt 00:00:53]}
f5 {[%clk 01:32:53]} {[%emt 00:00:39]} 10. dxe5 {[%clk 01:08:00]} {[%emt
00:19:37]} dxe5 {[%clk 01:31:52]} {[%emt 00:01:30]} 11. Qd5+ {[%clk 01:07:23]}
{[%emt 00:01:05]} Kh8 {[%clk 01:31:35]} {[%emt 00:00:50]} 12. Na3 {[%clk
00:54:40]} {[%emt 00:13:13]} g5 {[%clk 01:26:04]} {[%emt 00:06:01]} 13. Qd1
{[%clk 00:38:39]} {[%emt 00:16:31]} h5 {[%clk 01:22:25]} {[%emt 00:04:08]} 14.
Nd2 {[%clk 00:29:45]} {[%emt 00:09:25]} g4 {[%clk 01:17:38]} {[%emt 00:05:17]}
15. hxg4 {[%clk 00:21:38]} {[%emt 00:08:37]} hxg4 {[%clk 01:14:08]} {[%emt
00:03:59]} 16. g3 {[%clk 00:18:29]} {[%emt 00:03:40]} Qf6 {[%clk 01:08:31]}
{[%emt 00:06:07]} 17. Kg2 {[%clk 00:14:58]} {[%emt 00:04:01]} Qh6 {[%clk
01:07:27]} {[%emt 00:01:34]} 18. Rh1 {[%clk 00:13:40]} {[%emt 00:01:48]} Qh3+
{[%clk 01:06:55]} {[%emt 00:01:02]} 19. Kg1 {[%clk 00:14:03]} {[%emt 00:00:07]}
b6 {[%clk 01:03:04]} {[%emt 00:04:21]} 20. Bf1 {[%clk 00:14:04]} {[%emt
00:00:29]} Qh7 {[%clk 01:03:12]} {[%emt 00:00:21]} 21. Bg2 {[%clk 00:13:35]}
{[%emt 00:01:00]} Rf6 {[%clk 00:54:49]} {[%emt 00:08:53]} 22. Kf1 {[%clk
00:10:50]} {[%emt 00:03:15]} Ba6+ {[%clk 00:53:49]} {[%emt 00:01:31]} 23. Ke1
{[%clk 00:08:21]} {[%emt 00:02:50]} Bb7 {[%clk 00:52:09]} {[%emt 00:02:18]} 24.
Bg1 {[%clk 00:07:35]} {[%emt 00:01:16]} Rh6 {[%clk 00:52:31]} {[%emt 00:00:08]}
25. Rxh6 {[%clk 00:07:47]} {[%emt 00:00:18]} Qxh6 {[%clk 00:52:42]} {[%emt
00:00:18]} 26. Qc2 {[%clk 00:07:20]} {[%emt 00:00:57]} e4 {[%clk 00:49:25]}
{[%emt 00:03:48]} 27. Nb5 {[%clk 00:06:10]} {[%emt 00:01:41]} Be5 {[%clk
00:48:11]} {[%emt 00:01:43]} 28. Nd4 {[%clk 00:05:58]} {[%emt 00:00:41]} Rf8
{[%clk 00:46:06]} {[%emt 00:02:36]} 29. Nc4 {[%clk 00:05:48]} {[%emt 00:00:41]}
Ne7 {[%clk 00:41:45]} {[%emt 00:04:50]} 30. Nxe5 {[%clk 00:05:18]} {[%emt
00:00:59]} Nxe5 {[%clk 00:42:02]} {[%emt 00:00:14]} 31. b4 {[%clk 00:03:20]}
{[%emt 00:02:29]} Nf3+ {[%clk 00:39:16]} {[%emt 00:03:15]} 32. Bxf3 {[%clk
00:02:46]} {[%emt 00:01:06]} gxf3 {[%clk 00:38:38]} {[%emt 00:01:06]} 33. Kd2
{[%clk 00:02:29]} {[%emt 00:00:47]} Rd8 {[%clk 00:38:57]} {[%emt 00:00:11]} 34.
Kc1 {[%clk 00:02:35]} {[%emt 00:00:24]} Ba6 {[%clk 00:34:15]} {[%emt 00:05:12]}
35. b5 {[%clk 00:02:24]} {[%emt 00:00:41]} Bb7 {[%clk 00:34:29]} {[%emt
00:00:15]} 36. a4 {[%clk 00:02:19]} {[%emt 00:00:35]} c6 {[%clk 00:33:48]}
{[%emt 00:01:12]} 37. c4 {[%clk 00:01:25]} {[%emt 00:01:25]} Rxd4 {[%clk
00:33:39]} {[%emt 00:00:38]} 38. Qc3 {[%clk 00:01:11]} {[%emt 00:00:42]} c5
{[%clk 00:31:35]} {[%emt 00:02:36]} 39. Kb2 {[%clk 00:01:11]} {[%emt 00:00:30]}
Qg7 {[%clk 00:29:59]} {[%emt 00:02:06]} 40. exd4 {[%clk 00:01:06]} {[%emt
00:00:35]} cxd4 {[%clk 00:30:22]} {[%emt 00:00:07]} 41. Qd2 {[%clk 00:00:58]}
{[%emt 00:00:38]} Kh7 {[%clk 00:29:22]} {[%emt 00:01:30]} 42. Kb3 {[%clk
00:00:57]} {[%emt 00:00:31]} d3 {[%clk 00:28:12]} {[%emt 00:01:40]} 43. Qc3
{[%clk 00:01:04]} {[%emt 00:00:22]} Qg5 {[%clk 00:25:43]} {[%emt 00:02:59]} 44.
Qc1 {[%clk 00:01:02]} {[%emt 00:00:33]} Qf6 {[%clk 00:25:05]} {[%emt 00:01:08]}
45. Rb1 {[%clk 00:00:52]} {[%emt 00:00:40]} Qe6 {[%clk 00:24:02]} {[%emt
00:01:32]} 46. Qf4 {[%clk 00:00:52]} {[%emt 00:00:26]} Qd7 {[%clk 00:21:59]}
{[%emt 00:02:37]} 47. Rd1 {[%clk 00:00:46]} {[%emt 00:00:37]} Ng6 {[%clk
00:22:03]} {[%emt 00:00:26]} 48. Qd2 {[%clk 00:01:10]} {[%emt 00:00:04]} Qe6
{[%clk 00:20:52]} {[%emt 00:01:43]} 49. Qc3 {[%clk 00:01:02]} {[%emt 00:00:38]}
Ne5 {[%clk 00:20:31]} {[%emt 00:00:51]} 50. Bh2 {[%clk 00:00:43]} {[%emt
00:00:43]} Ng4 {[%clk 00:20:18]} {[%emt 00:00:48]} 51. Bg1 {[%clk 00:00:47]}
{[%emt 00:00:24]} Ne5 {[%clk 00:20:03]} {[%emt 00:00:47]} 52. Rc1 {[%clk
00:00:36]} {[%emt 00:00:41]} a6 {[%clk 00:19:56]} {[%emt 00:00:39]} 53. Kb2
{[%clk 00:00:34]} {[%emt 00:00:32]} Kg6 {[%clk 00:18:23]} {[%emt 00:02:02]} 54.
Kb3 {[%clk 00:00:43]} {[%emt 00:00:21]} a5 {[%clk 00:16:52]} {[%emt 00:02:01]}
55. Kb2 {[%clk 00:00:38]} {[%emt 00:00:35]} d2 {[%clk 00:16:38]} {[%emt
00:00:44]} 56. Rd1 {[%clk 00:00:35]} {[%emt 00:00:32]} Nxc4+ {[%clk 00:16:34]}
{[%emt 00:00:34]} 57. Kc2 {[%clk 00:00:42]} {[%emt 00:00:24]} Bd5 {[%clk
00:15:10]} {[%emt 00:01:55]} 1/2-1/2

[Event "DEM U10w 2025"]
[Site "Willingen GER"]
[Date "2025.06.09"]
[Round "3"]
[White "Kandora, Shirley"]
[Black "Vignesh, Sara"]
[Result "0-1"]
[Termination "normal"]
[Board "3"]
[WhiteElo "1579"]
[BlackElo "1604"]
[WhiteClock "00:38:04"]
[BlackClock "00:12:03"]
[PlyCount "80"]
[WhiteFideId "533016038"]
[BlackFideId "34674756"]
[EventCountry "GER"]
[EventRounds "9"]
[EventType "swiss"]
[EventDate "2025.06.07"]

1. e4 {[%clk 01:30:58]} {[%emt 00:00:01]} c6 {[%clk 01:30:56]} {[%emt
00:00:05]} 2. d4 {[%clk 01:31:20]} {[%emt 00:00:08]} d5 {[%clk 01:31:21]}
{[%emt 00:00:04]} 3. e5 {[%clk 01:31:41]} {[%emt 00:00:09]} c5 {[%clk
01:31:46]} {[%emt 00:00:05]} 4. dxc5 {[%clk 01:32:02]} {[%emt 00:00:09]} Nc6
{[%clk 01:32:08]} {[%emt 00:00:09]} 5. Nf3 {[%clk 01:32:24]} {[%emt 00:00:08]}
Bg4 {[%clk 01:32:24]} {[%emt 00:00:14]} 6. Bb5 {[%clk 01:31:50]} {[%emt
00:01:04]} e6 {[%clk 01:31:51]} {[%emt 00:01:02]} 7. a3 {[%clk 01:31:36]}
{[%emt 00:00:45]} Bxc5 {[%clk 01:31:39]} {[%emt 00:00:42]} 8. b4 {[%clk
01:31:47]} {[%emt 00:00:18]} Bb6 {[%clk 01:31:51]} {[%emt 00:00:18]} 9. O-O
{[%clk 01:32:00]} {[%emt 00:00:17]} Nge7 {[%clk 01:32:01]} {[%emt 00:00:20]}
10. Bb2 {[%clk 01:31:59]} {[%emt 00:00:31]} O-O {[%clk 01:29:57]} {[%emt
00:02:34]} 11. Nbd2 {[%clk 01:29:14]} {[%emt 00:03:15]} Ng6 {[%clk 01:27:46]}
{[%emt 00:02:41]} 12. h3 {[%clk 01:27:22]} {[%emt 00:02:22]} Bxf3 {[%clk
01:24:32]} {[%emt 00:03:44]} 13. Nxf3 {[%clk 01:27:24]} {[%emt 00:00:28]} Bc7
{[%clk 01:23:08]} {[%emt 00:01:54]} 14. Re1 {[%clk 01:25:58]} {[%emt 00:01:56]}
Bb6 {[%clk 01:20:01]} {[%emt 00:03:38]} 15. Qd2 {[%clk 01:21:14]} {[%emt
00:05:08]} Rc8 {[%clk 01:17:19]} {[%emt 00:03:17]} 16. Bd3 {[%clk 01:14:12]}
{[%emt 00:07:28]} Nce7 {[%clk 01:05:37]} {[%emt 00:12:17]} 17. Qg5 {[%clk
01:13:00]} {[%emt 00:01:37]} h6 {[%clk 01:03:27]} {[%emt 00:02:43]} 18. Qg3
{[%clk 01:12:19]} {[%emt 00:00:54]} a5 {[%clk 00:59:35]} {[%emt 00:04:40]} 19.
Rad1 {[%clk 01:10:57]} {[%emt 00:01:45]} Qc7 {[%clk 00:54:52]} {[%emt
00:05:19]} 20. h4 {[%clk 01:08:25]} {[%emt 00:03:01]} Nf5 {[%clk 00:51:58]}
{[%emt 00:03:26]} 21. Bxf5 {[%clk 01:08:33]} {[%emt 00:00:22]} exf5 {[%clk
00:52:15]} {[%emt 00:00:14]} 22. h5 {[%clk 01:07:58]} {[%emt 00:01:04]} Ne7
{[%clk 00:51:01]} {[%emt 00:01:43]} 23. Nd4 {[%clk 00:59:45]} {[%emt 00:08:37]}
Bxd4 {[%clk 00:47:05]} {[%emt 00:04:33]} 24. Bxd4 {[%clk 00:59:51]} {[%emt
00:00:23]} axb4 {[%clk 00:42:21]} {[%emt 00:05:15]} 25. axb4 {[%clk 01:00:03]}
{[%emt 00:00:17]} b6 {[%clk 00:26:34]} {[%emt 00:16:17]} 26. Be3 {[%clk
00:57:55]} {[%emt 00:02:31]} Kh8 {[%clk 00:24:49]} {[%emt 00:02:16]} 27. Bd4
{[%clk 00:54:46]} {[%emt 00:03:45]} Nc6 {[%clk 00:21:23]} {[%emt 00:03:56]} 28.
Bc3 {[%clk 00:54:08]} {[%emt 00:00:55]} d4 {[%clk 00:17:51]} {[%emt 00:04:15]}
29. Ba1 {[%clk 00:53:37]} {[%emt 00:00:56]} Nxb4 {[%clk 00:15:37]} {[%emt
00:02:50]} 30. Bxd4 {[%clk 00:53:23]} {[%emt 00:00:42]} Rfd8 {[%clk 00:12:22]}
{[%emt 00:03:45]} 31. Re2 {[%clk 00:45:37]} {[%emt 00:08:12]} Nxc2 {[%clk
00:11:48]} {[%emt 00:01:08]} 32. Rc1 {[%clk 00:42:37]} {[%emt 00:03:31]} Nxd4
{[%clk 00:10:53]} {[%emt 00:01:26]} 33. Ree1 {[%clk 00:37:09]} {[%emt
00:05:54]} Qxc1 {[%clk 00:09:48]} {[%emt 00:01:39]} 34. Rxc1 {[%clk 00:36:56]}
{[%emt 00:00:43]} Ne2+ {[%clk 00:10:13]} {[%emt 00:00:05]} 35. Kh1 {[%clk
00:37:03]} {[%emt 00:00:22]} Nxg3+ {[%clk 00:10:39]} {[%emt 00:00:04]} 36. fxg3
{[%clk 00:37:24]} {[%emt 00:00:10]} Rxc1+ {[%clk 00:11:04]} {[%emt 00:00:05]}
37. Kh2 {[%emt 00:00:36]} Rdd1 {[%clk 00:11:22]} 38. g4 {[%clk 00:37:40]}
{[%emt 00:00:18]} f4 {[%clk 00:11:41]} {[%emt 00:00:12]} 39. g3 {[%clk
00:37:48]} {[%emt 00:00:22]} Rc2+ {[%clk 00:12:03]} {[%emt 00:00:08]} 40. Kh3
{[%clk 00:38:04]} {[%emt 00:00:14]} Rh1# {[%emt 00:00:15]} 0-1

[Event "DEM U10w 2025"]
[Site "Willingen GER"]
[Date "2025.06.09"]
[Round "3"]
[White "Elsayed Esam, Sally"]
[Black "Winkler, Anni"]
[Result "1-0"]
[Termination "normal"]
[Board "4"]
[WhiteElo "1623"]
[BlackElo "1659"]
[WhiteClock "01:02:09"]
[BlackClock "00:00:33"]
[PlyCount "47"]
[WhiteFideId "34662170"]
[BlackFideId "34622349"]
[EventCountry "GER"]
[EventRounds "9"]
[EventType "swiss"]
[EventDate "2025.06.07"]

1. d4 {[%clk 01:30:52]} {[%emt 00:00:08]} d5 {[%clk 01:29:49]} {[%emt
00:01:12]} 2. Nf3 {[%clk 01:31:11]} {[%emt 00:00:11]} Nf6 {[%clk 01:29:18]}
{[%emt 00:01:01]} 3. c4 {[%clk 01:31:10]} {[%emt 00:00:31]} c6 {[%clk
01:28:23]} {[%emt 00:01:25]} 4. Nc3 {[%clk 01:29:03]} {[%emt 00:02:37]} e6
{[%clk 01:21:22]} {[%emt 00:07:31]} 5. g3 {[%clk 01:28:14]} {[%emt 00:01:19]}
Nbd7 {[%clk 01:15:36]} {[%emt 00:06:15]} 6. Bg2 {[%clk 01:27:40]} {[%emt
00:01:05]} Bd6 {[%clk 01:11:06]} {[%emt 00:04:59]} 7. O-O {[%clk 01:26:50]}
{[%emt 00:01:20]} O-O {[%clk 01:09:54]} {[%emt 00:01:42]} 8. Bg5 {[%clk
01:22:33]} {[%emt 00:04:48]} h6 {[%clk 00:49:51]} {[%emt 00:20:33]} 9. Bxf6
{[%clk 01:22:38]} {[%emt 00:00:23]} Nxf6 {[%clk 00:50:03]} {[%emt 00:00:20]}
10. h3 {[%clk 01:21:58]} {[%emt 00:01:10]} Qc7 {[%clk 00:48:30]} {[%emt
00:02:03]} 11. Rc1 {[%clk 01:14:17]} {[%emt 00:08:10]} Qe7 {[%clk 00:27:49]}
{[%emt 00:21:11]} 12. Kh1 {[%clk 01:11:57]} {[%emt 00:02:51]} Bd7 {[%clk
00:27:27]} {[%emt 00:00:52]} 13. Ne5 {[%clk 01:09:27]} {[%emt 00:03:00]} Ne8
{[%clk 00:05:43]} {[%emt 00:22:14]} 14. f4 {[%clk 01:05:56]} {[%emt 00:04:00]}
dxc4 {[%clk 00:00:53]} {[%emt 00:05:21]} 15. Nxc4 {[%clk 01:05:46]} {[%emt
00:00:39]} f6 {[%clk 00:01:02]} {[%emt 00:00:22]} 16. e4 {[%clk 01:05:33]}
{[%emt 00:00:43]} c5 {[%clk 00:00:58]} {[%emt 00:00:34]} 17. e5 {[%clk
01:05:38]} {[%emt 00:00:25]} fxe5 {[%clk 00:01:01]} {[%emt 00:00:27]} 18. dxe5
{[%clk 01:05:23]} {[%emt 00:00:44]} Bc7 {[%clk 00:00:48]} {[%emt 00:00:44]} 19.
Bxb7 {[%clk 01:05:05]} {[%emt 00:00:48]} Rd8 {[%clk 00:00:48]} {[%emt
00:00:30]} 20. Qf3 {[%clk 01:04:32]} {[%emt 00:01:00]} Bc8 {[%clk 00:00:39]}
{[%emt 00:00:42]} 21. Rfd1 {[%clk 01:01:47]} {[%emt 00:03:14]} Rxd1+ {[%clk
00:00:51]} {[%emt 00:00:19]} 22. Rxd1 {[%clk 01:02:09]} {[%emt 00:00:07]} Bxb7
{[%clk 00:00:38]} {[%emt 00:00:44]} 23. Qxb7 {[%clk 01:02:20]} {[%emt
00:00:18]} Bd8 {[%clk 00:00:33]} {[%emt 00:00:36]} 24. Rd7 {[%clk 01:02:09]}
1-0